000 00678nam a2200265 i 4500
001 C2-0283096
003 PPAK
005 20180728013313.0
008 071112s2003 enka|||| ||||| | eng d
020 _a1844770885
040 _aPPAK
_beng
_cPPAK
_erda
082 0 4 _a741
_223
090 0 0 _a741
_bSMI
_dRK
100 1 _aSmith, Thomasina,
_eauthor
245 1 0 _aModelling
264 1 _aLondon :
_bHermes House ,
_c2003
300 _a64 pages :
_bcolour illustrations ;
_c20 cm
336 _2rdacontent
_atext
337 _2rdamedia
_aunmediated
338 _2rdacarrier
_avolume
490 1 _aFun
650 1 0 _aModel and modelmaking.
830 0 _aFun
942 _ddc
_cB
999 _c89285
_d89285